Tidy's Massage and Remedial Exercises in Medical and Surgical Conditions. (Record no. 5647)

000 -LEADER
fixed length control field 00966cam a22003135 4500
003 - CONTROL NUMBER IDENTIFIER
control field OSt
005 - DATE AND TIME OF LATEST TRANSACTION
control field 20220511094407.0
008 - FIXED-LENGTH DATA ELEMENTS--GENERAL INFORMATION
fixed length control field 830602s1968 000 0
020 ## - INTERNATIONAL STANDARD BOOK NUMBER
International Standard Book Number 72360203
040 ## - CATALOGING SOURCE
Transcribing agency Alupe University College
050 ## - LIBRARY OF CONGRESS CALL NUMBER
Classification number RM 719
Item number .T5 1968
090 ## - LOCALLY ASSIGNED LC-TYPE CALL NUMBER (OCLC); LOCAL CALL NUMBER (RLIN)
Classification number (OCLC) (R) ; Classification number, CALL (RLIN) (NR) 615.82 T37
100 1# - MAIN ENTRY--PERSONAL NAME
Personal name Tidy, Noël M.
245 10 - TITLE STATEMENT
Title Tidy's Massage and Remedial Exercises in Medical and Surgical Conditions.
Statement of responsibility, etc. Ed. and rev. by J.O. Wale.
250 ## - EDITION STATEMENT
Edition statement 17th ed.
260 ## - PUBLICATION, DISTRIBUTION, ETC.
Place of publication, distribution, etc. Bristol,
Name of publisher, distributor, etc. Wright,
Date of publication, distribution, etc. 1968.
300 ## - PHYSICAL DESCRIPTION
Extent 510 p.
Other physical details illus.
336 ## - CONTENT TYPE
Content type term text
Content type code txt
Source rdacontent
337 ## - MEDIA TYPE
Media type term unmediated
Media type code n
Source rdamedia
338 ## - CARRIER TYPE
Carrier type term volume
Carrier type code nc
Source rdacarrier
650 #0 - SUBJECT ADDED ENTRY--TOPICAL TERM
Topical term or geographic name entry element Exercise therapy.
650 #0 - SUBJECT ADDED ENTRY--TOPICAL TERM
Topical term or geographic name entry element Massage.
700 1# - ADDED ENTRY--PERSONAL NAME
Personal name Wale, J. O. (Chalklin).
856 ## - ELECTRONIC LOCATION AND ACCESS
Uniform Resource Identifier http://172.30.46.200/cgi-bin/koha/opac-retrieve-file.pl?id=5ee2bbd13076c6d4bc24450434d437da
901 ## - LOCAL DATA ELEMENT A, LDA (RLIN)
a 0377-15760
906 ## - LOCAL DATA ELEMENT F, LDF (RLIN)
a TRLS:0:1
942 ## - ADDED ENTRY ELEMENTS (KOHA)
Source of classification or shelving scheme
Koha item type e-book
Suppress in OPAC MS
948 ## - LOCAL PROCESSING INFORMATION (OCLC); SERIES PART DESIGNATOR (RLIN)
Series part designator, SPT (RLIN) 27/06/1999
b (OCLC) 01/07/1999
Holdings
Withdrawn status Lost status Source of classification or shelving scheme Damaged status Not for loan Permanent Location Current Location Date acquired Total Checkouts Full call number Date last seen Price effective from Koha item type Public note
          AU LIBRARY AU LIBRARY 11.05.2022   RM 719 .T5 1968 11.05.2022 11.05.2022 e-book MS

Powered by Koha